LA EPOPEYA CASTELLANA : A TRAVES DE LA LITERATURA ESPAÑOLA /

Guardat en:
Dades bibliogràfiques
Autor principal: Menéndez Pidal, Ramón (autor)
Format: Llibre
Matèries:
Etiquetes: Afegir etiqueta
Sense etiquetes, Sigues el primer a etiquetar aquest registre!

MARC

LEADER 00000nam^a2200000^a^4500
001 000232975
005 20250521000000.0
009 20260310104625.364
035 |a 056301 
037 |a Acervo Xavier Clavigero 
082 |a 861. 09  |b MEN 
100 |a Menéndez Pidal, Ramón  |e (autor) 
245 1 3 |a LA EPOPEYA CASTELLANA :  |b A TRAVES DE LA LITERATURA ESPAÑOLA /  |c RAMON MENENDEZ PIDAL 
264 |a BUENOS AIRES :  |b ESPASA-CALPE,  |c 1945 
300 |a 245 p. 
336 |a texto  |b txt  |2 rdacontenido 
337 |a sin mediación  |b n  |2 rdamedio 
338 |a volumen  |b nc  |2 rdasoporte 
649 |a XX 
650 |a Poesía Epica -  |z España -  |x Historia y Crítica 
910 |a Fondo General 
920 |a Impresos - Libros 
930 |a Colección General 
940 |a Literatura 
905 |a 101 
901 |a 056301  |b IT1  |c LIT  |i 056301  |u 20250521 
902 |a https://opac.biblio.iteso.mx/vufind/Record/000232975